000 00866nam a2200253Ia 4500
003 OSt
005 20220923215013.0
006 a|||||r|||| 00| 0
007 ta
008 220922b |||||||| |||| 00| 0 hin d
024 _a174,773
037 _cTextual
040 _aARTS
_cARTS
_bhin
041 _2hin
_ahin
082 _aO152:g, L4
100 _aचन्द्रप्रकाश सिंह
245 0 _aहिन्दी शोध समस्याएं और समाधान
246 _aHindī shodh samasyāean aur samādhāna
260 _aइलाहाबाद
_b साकेत प्रका0
_c1974
300 _a196 पृ.
_ccm.
650 _aहिन्दी साहित्य
_9156264
942 _hO152:g, L4
_cTEXL
_2CC
999 _c328477
_d328477